| 000 | 01480nam a22002657a 4500 | ||
|---|---|---|---|
| 003 | NALT | ||
| 005 | 20250221162124.0 | ||
| 008 | s2544 th thaeng | ||
| 020 | _a9740315097 | ||
| 040 | _aNALT | ||
| 041 | _athaeng | ||
| 090 |
_aว KT208 _bม173ก 2544 |
||
| 100 | 0 | _aมนุเชษฐ์ โรจนศิริบุตร | |
| 245 | 1 | 0 |
_aกฎหมายต้นแบบของ UNCITRAL เกี่ยวกับการล้มละลายข้ามชาติ : _bศึกษากรณีการยอมรับถึงผลของคำพิพากษาหรือคำสั่งของศาลต่างประเทศ / _cมนุเชษฐ์ โรจนศิริบุตร |
| 260 | 3 |
_aกรุงเทพฯ : _bจุฬาลงกรณ์มหาวิทยาลัย, _c2544 |
|
| 300 |
_a290 หน้า : _bตาราง ; _c30 ซม. |
||
| 650 | 0 | 4 | _aCross--Border insolvency |
| 650 | 0 | 4 | _aล้มละลาย -- กฎหมายและระเบียบข้อบังคับ -- วิจัย |
| 650 | 0 | 4 | _aคดีล้มละลายข้ามชาติ |
| 650 | 0 | 4 | _aล้มละลายข้ามชาติ |
| 650 | 0 | 4 | _aกฎหมายล้มละลายระหว่างประเทศ |
| 850 | _aNALT | ||
| 942 |
_cRSH _2lcc |
||
| 999 |
_c44018 _d44018 |
||
| 998 |
_j111 _k นางสาวพจพิณ พรมเอี่ยม |
||